000 00591nam a22001817a 4500
005 20260407160810.0
008 260325b |||||||| |||| 00| 0 eng d
022 _a978-93-8999-147-5
050 _aKNS 486 .S 27 2021 V.1
100 _aSARKAR, SUDIPTO
245 _aSARKAR LAW OF EVIDENCE
_bIN INDIA, PAKISTAN, BANGLADESH, BURMA, CEYLON, MALAYSIA AND SINGAPORE
250 _a20TH ED
260 _aHARYANA,
_bLEXISNEXIS,
_c2021,
300 _aXXXIX, 2063P.
650 _a1. EVIDENCE (LAW) -SOUTH ASIA 2. EVIDENCE (LAW) - SOUTH EAST ASIA
700 _aRAO, V. KESAVA
942 _2lcc
_cBK
999 _c216871
_d216871